| 000 | 00619nam a2200241 a 4500 | ||
|---|---|---|---|
| 999 |
_c4952 _d4952 |
||
| 001 | 4952 | ||
| 003 | BD-JhCC | ||
| 005 | 20171227171034.0 | ||
| 008 | 171205s1964 USAa|||| || | 000 0 eng d | ||
| 020 | _a0673141446 | ||
| 035 | _a(BD-JhCC)4952 | ||
| 040 |
_aBD-JhCC _dBD-JhCC |
||
| 041 | _aeng | ||
| 082 |
_a372.61 _bBEE 1964 |
||
| 100 | _aBeech, Linda Ward | ||
| 245 |
_aLanguage : Skills and Use / _cLinda Ward Beech, |
||
| 250 | _a2nd ed. | ||
| 260 |
_aUSA : _bScott, Foresman and Company, _c1964 |
||
| 300 |
_a368 p. : _c24 cm. |
||
| 650 | _aLanguage Arts (Elementary) | ||
| 942 |
_2ddc _cBK |
||